000 01587nam a2200337 a 4500
001 BRCA_3222
005 20190320204154.0
008 040309s1771----enk#---###---#000-0#eng-#
041 _aeng
044 _aenk
084 _a523
_b.C69
_c1771
100 1 _aCervantes Saavedra, Miguel de
_d1547-1616
_9213
245 1 0 _aThe History of the Renowned Don Quixote de la Mancha
_cWritten in Spanish by Miguel de Cervantes Saavedra.
260 _aLondres
_bW. Cowper
_c1771
300 _a4 v.
_c17 cm.
500 _aContenido : v.1. Primera parte. Noticia biógrafica sobre el autor. Prólogo de Cervantes. -- v.2. Texto. -- v.3. Segunda parte. Prólogo del autor. -- v.4. Texto
500 _aEdición : Translated by Several Hands and Published by the Late Mr. Motteux. Revised a new from the Best Spanish Edition by Ozell with Explanatory Notes from Jarvis, Oudin, Pineda, Gregorio and the Royal Academy Dictionary of Madrid
500 _aEjemplar similar al anterior [522], pero sin láminas. Piel Lúdovik Osterc
500 _aQM418
546 _aTexto en : inglés
650 1 4 _aNovela española
_yÉpoca clásica, 1500-1700
_9215
650 1 4 _aLiteratura española
_yÉpoca clásica, 1500-1700
_9216
650 1 4 _aNovela española
_ySiglo XVII
_9217
650 1 4 _aDon Quijote (Personaje ficticio)
_eNovela
_9218
700 1 _aMotteux, Peter Anthony
_d1663-1718
_eTraductor
_98608
700 1 _aOzell, John
_d?-1743
_eAnotador
_98609
700 1 _aOudin, Cesar
_d?-1625
_eTraductor
_98288
740 0 _aEl Ingenioso Hidalgo Don Quijote de la Mancha
902 _aQFM
942 _2lcc
_cB
999 _c2958
_d2958